000 00459nam a2200181Ia 4500
001 15886
005 20260306170229.0
008 260306t2012||||xx |||||||||||||| ||und||
041 _aESP
082 _a620.112
_bQ62
100 _aQuintanilla Anyaipoma, D. Arturo
_eAUT
245 0 _aResistencia de materiales:
_bteoría y problemas
260 _c2012
300 _a320 páginas :
_c21 cm.
650 _aGEN
654 _aCIA
942 _cLIB
_dJUS
_fJUS
_2ddc
_n
999 _c15886
_d15886